000
00301nam a22001337a 4500
008
180201b xxu||||| |||| 00| 0 eng d
020
_a
0814141511922
041
_a
eng
080
_a
7
100
_a
44
101
_a
art
245
_a
teaching the art of literature
_c
bruce.e.m
942
_2
udc
_c
BK
999
_c
41522
_d
41522